Jhūmadā Pañjāba; (Record no. 55933)

MARC details
000 -LEADER
fixed length control field 00656cam a22002171 4500
001 - CONTROL NUMBER
control field sa 63004926
003 - CONTROL NUMBER IDENTIFIER
control field DLC
005 - DATE AND TIME OF LATEST TRANSACTION
control field 20260227111952.0
008 - FIXED-LENGTH DATA ELEMENTS--GENERAL INFORMATION
fixed length control field 940729s1963 ii c 000 1 pano
010 ## - LIBRARY OF CONGRESS CONTROL NUMBER
LC control number sa 63004926
025 ## - OVERSEAS ACQUISITION NUMBER
Overseas acquisition number PL480:I-Pu-267
035 ## - SYSTEM CONTROL NUMBER
System control number (OCoLC)30853769
040 ## - CATALOGING SOURCE
Original cataloging agency DLC
Transcribing agency CU
Modifying agency CU
-- NSyU
-- DLC
042 ## - AUTHENTICATION CODE
Authentication code premarc
050 00 - LIBRARY OF CONGRESS CALL NUMBER
Classification number PK2659.S686
Item number J5
100 1# - MAIN ENTRY--PERSONAL NAME
Personal name Siṅgha, Utama.
245 10 - TITLE STATEMENT
Title Jhūmadā Pañjāba;
Remainder of title loka gīta ... daraja hana,
Statement of responsibility, etc. lekhaka Utama Siṅgha 'Teja' Ammritasarī.
260 ## - PUBLICATION, DISTRIBUTION, ETC.
Place of publication, distribution, etc. Ammritasara,
Name of publisher, distributor, etc. Bhāī Utama Siṅgha Gurabacana Siṅgha
Date of publication, distribution, etc. [1963?]
300 ## - PHYSICAL DESCRIPTION
Extent 128 p.
Other physical details port.
Dimensions 19 cm.
500 ## - GENERAL NOTE
General note In Panjabi.

No items available.

Powered by Koha